|
|
|
|
| LEADER |
00000nam0a2200000 4500 |
| 001 |
101731 |
| 005 |
20231031112729.0 |
| 035 |
|
|
|a (RuTPU)RU\TPU\book\109689
|
| 090 |
|
|
|a 101731
|
| 100 |
|
|
|a 20060915d1970 k y0rusy50 ca
|
| 101 |
0 |
|
|a rus
|
| 102 |
|
|
|a RU
|
| 105 |
|
|
|a a z 001zy
|
| 200 |
1 |
|
|a Автоматизация металлургических объектов и процессов
|e сборник статей
|f Московский институт стали и сплавов; Всесоюзный научно-исследовательский институт автоматизации черной металлургии; под ред. С. В. Емельянова
|
| 210 |
|
|
|a Москва
|d 1970
|
| 215 |
|
|
|a 83 с.
|c черт.
|
| 320 |
|
|
|a Библиогр. в конце статей
|
| 610 |
1 |
|
|a металлургия
|
| 610 |
1 |
|
|a автоматизация
|
| 610 |
1 |
|
|a сборники
|
| 610 |
1 |
|
|a металлургические процессы
|
| 675 |
|
|
|a 621.7м.021
|v 3
|
| 702 |
|
1 |
|a Емельянов
|b С. В.
|g Станислав Васильевич
|4 340
|
| 712 |
0 |
2 |
|a Всесоюзный научно-исследовательский институт автоматизации черной металлургии
|
| 712 |
0 |
2 |
|a Московский государственный институт стали и сплавов (МИСиС)
|2 stltpush
|3 (RuTPU)RU\TPU\col\180
|
| 801 |
|
1 |
|a RU
|b 63413507
|c 20060915
|g PSBO
|
| 801 |
|
2 |
|a RU
|b 63413507
|c 20071009
|g PSBO
|
| 942 |
|
|
|c BK
|